Minecraft - Old Names - Statistics

General Stats
  • This quiz has been taken 33 times
  • The average score is 5 of 10
Answer Stats
Question Answer % Correct
What was the Enchanting Table's old name? Enchantment Table
96%
What was the Spyglass' old name? Telescope
74%
What was the Short Grass' old name? Grass
70%
What was the Sugar Cane's old name? Reeds
56%
What was the Wheat Seeds' old name? Seeds
52%
What was the Crafting Table's old name? Workbench
52%
What was the Exposed Cut Copper Block's old name? Lightly Weathered Cut Copper Block
48%
What was the Wools' old name? Cloth
41%
What was Deepslate's old name? Grimstone
26%
What was the Gunpowder's old name? Sulphur
22%
No matching quizzes found
Score Distribution
Percent of People with Each Score
Percentile by Number Answered
Your Score History
You have not taken this quiz